LIBRARY & INFORMATION CENTRE, KCAET, TAVANUR

ONLINE PUBLIC ACCESS CATALOGUE (OPAC)

Principles of animal physiology / (Record no. 13327)

MARC details
000 -LEADER
fixed length control field 00418cam a2200157ua 4500
041 ## - LANGUAGE CODE
Language code of text/sound track or separate title eng
082 ## - DEWEY DECIMAL CLASSIFICATION NUMBER
Classification number 591.1
Item number MOY/PR
100 ## - MAIN ENTRY--AUTHOR NAME
Personal name Moyes, Christopher D .
245 ## - TITLE STATEMENT
Title Principles of animal physiology /
260 ## - PUBLICATION, DISTRIBUTION, ETC. (IMPRINT)
Place of publication :
Name of publisher Pearson Education Asia ,
Year of publication 2007.
300 ## - PHYSICAL DESCRIPTION
Number of Pages 767 ; .
700 1# - ADDED ENTRY--PERSONAL NAME
Personal name Schulte, Patricia M .
942 ## - ADDED ENTRY ELEMENTS (KOHA)
Koha item type Books
Holdings
Withdrawn status Lost status Damaged status Home library Current library Date acquired Full call number Accession Number Koha item type
      KAUAET KAUAET 07/04/2012 591.1 MOY/PR 21785 Books
free website counter